|
|
|
|
| LEADER |
00000nab a2200000 a 4500 |
| 001 |
vtls000647527 |
| 003 |
SK-MaSNL |
| 005 |
20260304204707.0 |
| 008 |
040806c1997 xo 0 slo |
| 015 |
|
|
|a SNBRB19rr/mm-uuuuu
|
| 035 |
|
|
|a CL0647666
|
| 040 |
|
|
|a SNKBUCL
|b slo
|c SNKBUCL
|e AACR2
|
| 041 |
0 |
|
|a slo
|
| 044 |
|
|
|a xo
|c SK
|
| 080 |
|
|
|a 908.437.67
|2 1981
|
| 080 |
|
|
|a 008(437.6)
|2 1981
|
| 080 |
|
|
|a 711.25
|2 1981
|
| 080 |
|
|
|a 914.376
|2 1981
|
| 080 |
|
|
|a 7(437.6)
|2 1981
|
| 080 |
|
|
|a 943.76
|2 1981
|
| 100 |
1 |
|
|a Cifra, Štefan,
|d 1960-
|4 aut
|9 13602
|
| 245 |
1 |
0 |
|a Bohatstvo v krajoch
|b Kultúrno-historické charakteristiky krajov Slovenskej republiky. 7. Prešovský kraj (2)
|c Štefan Cifra
|
| 300 |
|
|
|b Fotogr. 39
|
| 500 |
|
|
|a Pokračovanie
|
| 650 |
0 |
7 |
|a demografia
|2 snkbucl
|9 3827
|
| 650 |
0 |
7 |
|a kultúra
|2 snkbucl
|9 886
|
| 650 |
0 |
7 |
|a ľudová kultúra
|2 snkbucl
|9 66058
|
| 650 |
0 |
7 |
|a duchovná kultúra
|2 snkbucl
|9 453988
|
| 651 |
|
7 |
|a Prešovský samosprávny kraj (Slovensko)
|2 snkbucl
|9 23301
|
| 655 |
|
7 |
|a články z novín a časopisov
|2 snkbucl
|9 267496
|
| 773 |
0 |
|
|t Národná osveta
|g Roč. 7, č. 18-19 (1997), s. 17-28
|
| 850 |
|
|
|a Slovenská národná knižnica v Martine
|a MTA001
|
| 852 |
|
|
|a SNK
|b KIS3GCP
|
| 999 |
|
|
|c 3117313
|d 3119243
|